Corporate governance in public sector enterprises (Record no. 668)
[ view plain ]
| 000 -LEADER | |
|---|---|
| fixed length control field | 00883 a2200217 4500 |
| 008 - FIXED-LENGTH DATA ELEMENTS--GENERAL INFORMATION | |
| fixed length control field | 080820t xxu||||| |||| 00| 0 eng d |
| 010 ## - LIBRARY OF CONGRESS CONTROL NUMBER | |
| LC control number | ENG-84895 |
| 020 ## - INTERNATIONAL STANDARD BOOK NUMBER | |
| International Standard Book Number | 8177586092 |
| Terms of availability | 595.00 |
| 035 ## - SYSTEM CONTROL NUMBER | |
| System control number | EN-68428 |
| 037 ## - SOURCE OF ACQUISITION | |
| Source of stock number/acquisition | D.B.Act / Pub |
| 082 ## - DEWEY DECIMAL CLASSIFICATION NUMBER | |
| Classification number | 658.16 |
| 245 ## - TITLE STATEMENT | |
| Title | Corporate governance in public sector enterprises |
| Statement of responsibility, etc | edited by S. M. Dewan. |
| 260 ## - PUBLICATION, DISTRIBUTION, ETC. (IMPRINT) | |
| Place of publication, distribution, etc | New Delhi |
| Name of publisher, distributor, etc | Pearson Longman, |
| Date of publication, distribution, etc | c2006. |
| 300 ## - PHYSICAL DESCRIPTION | |
| Extent | xxi, 250 p. |
| Dimensions | 24 cm. (Hb) |
| 520 ## - SUMMARY, ETC. | |
| Summary, etc | With reference to Indian government business enterprises; contributed studies. |
| 650 ## - SUBJECT ADDED ENTRY--TOPICAL TERM | |
| Topical term or geographic name as entry element | Corporate governance |
| Geographic subdivision | India. |
| 650 ## - SUBJECT ADDED ENTRY--TOPICAL TERM | |
| Topical term or geographic name as entry element | Government business enterprises |
| Geographic subdivision | India. |
| 700 ## - ADDED ENTRY--PERSONAL NAME | |
| Personal name | Dewan, S. M. |
| 942 ## - ADDED ENTRY ELEMENTS (KOHA) | |
| Institution code [OBSOLETE] | dpl |
| Koha item type | English Books |
| Call number prefix | 658.16 / COR |
| Source of classification or shelving scheme | Dewey Decimal Classification |
| Classification part | 658.16 |
| Call number suffix | COR |
| Withdrawn status | Lost status | Damaged status | Not for loan | Home library | Current library | Date acquired | Cost, normal purchase price | Total Checkouts | Full call number | Barcode | Date last seen | Copy number | Uniform Resource Identifier | Cost, replacement price | Price effective from | Koha item type |
|---|---|---|---|---|---|---|---|---|---|---|---|---|---|---|---|---|
| D.B.Act.Division | D.B.Act.Division | 20/08/2008 | 595.00 | 658.16 COR | EN-68428 | 15/09/2008 | 1 | 650 | 595.00 | 15/09/2008 | English Books |
